000 00420cam a2200133K 4500
082 0 4 _a620.3
_bPAN
_cL-24, P-34
100 1 _aPanovko .ya
_940983
245 1 0 _aElements of the applied theory of elastic vibration
_bYa. panovko
_cBy John Leslie.
260 _aMoscow,
_bMir publishers moscow,
_cc1871.
300 _a317 p.
_bill.
_c24 cm.
526 _a0
_b0
_c0
_d620_300000000000000_PAN
650 0 _aMCE
_9379
942 _2ddc
_cBK
999 _c545195
_d545195